Paroles - La Bohème - Aznavour (texte complet) - Statistiques

Statistiques générales
  • Ce quiz a été pris 657 fois
    654 depuis la dernière actualisation
  • Le résultat moyen est 210 sur 288
Statistiques - réponses
Paroles % Correct
du
99%
Du
99%
a
98%
A
98%
de
98%
De
98%
Je
98%
le
98%
les
97%
Ne
97%
ne
97%
vingt
97%
ans
96%
96%
La
96%
la
96%
Moi
96%
parle
96%
pas
96%
Que
96%
que
96%
temps
96%
vous
96%
connaître
95%
d'un
95%
peuvent
95%
bohême
94%
ce
94%
moins
94%
en
91%
En
91%
Et
91%
mon
91%
Ça
90%
dire
89%
nous
89%
Nous
89%
Qui
88%
qui
88%
voulait
88%
es
87%
lilas
87%
ma
87%
On
87%
ses
87%
m'en
86%
fenêtres
85%
Montmartre
85%
sous
85%
toi
85%
est
84%
heureux
84%
jour
83%
nos
83%
nue
83%
qu'on
83%
Qu'on
83%
sur
83%
deux
82%
C’est
81%
famine
80%
Jusque
80%
qu'un
80%
connu
78%
mangions
78%
un
78%
Accrochait
77%
temps-là
77%
s'est
76%
payait
75%
des
74%
mine
74%
posais
74%
Ni
73%
ni
73%
servait
73%
garni
72%
si
72%
Tu
72%
criais
70%
l'humble
66%
nid
66%
Dans
65%
café
64%
jolie
64%
étions
63%
plus
62%
bien
61%
au
60%
quand
60%
Quand
60%
quelques
59%
Avec
58%
une
58%
chaud
57%
gloire
57%
voisins
57%
creux
56%
miséreux
56%
repas
56%
rien
56%
ventre
56%
attendions
55%
bon
55%
tout
55%
vers
55%
cafés
54%
Contre
54%
toile
54%
d'y
53%
récitions
53%
tous
53%
croire
52%
avions
51%
cessions
51%
veut
51%
l'hiver
50%
quelques-uns
50%
il
49%
génie
47%
jeunes
47%
son
47%
autour
46%
poële
46%
était
45%
Devant
44%
rues
43%
sein
43%
vie
43%
crème
42%
galbe
42%
sont
42%
tour
42%
vivions
42%
bistrots
41%
d'une
41%
Groupés
41%
matin
41%
morts
41%
ont
41%
oubliant
41%
chevalet
40%
l'air
40%
nuits
40%
reconnais
40%
jeunesse
39%
vais
39%
ancienne
38%
blanches
38%
hanche
38%
passer
38%
adresse
37%
aime
37%
faire
37%
ligne
37%
prenaient
37%
dessin
36%
jours
36%
m'arrivait
36%
vu
36%
murs
35%
n'est
35%
qu'au
35%
fous
34%
enfin
33%
Souvent
33%
escalier
32%
hasard
32%
haut
32%
l'on
32%
mais
32%
Retouchant
32%
s'aime
32%
Fallait-il
30%
s'asseyait
30%
semble
29%
subsiste
29%
triste
29%
décor
28%
Dont
28%
nouveau
28%
l'atelier
26%
cherche
24%
ravis
24%
Épuisés
23%
Aucun quiz correspondant
Distribution des résultats
% des personnes avec chaque résultat
Percentile par nombre de réponses
Votre historique - résultats
Vous n’avez pas pris ce quiz depuis la dernière actualisation